[Event "Clusane op 1st"]
[Site "Clusane"]
[Date "2024.03.01"]
[Round "2"]
[White "Vairo, Rocco Enrico"]
[Black "Loiacono, Leonardo"]
[Result "0-1"]
[WhiteElo "2061"]
[BlackElo "2316"]
[PlyCount "116"]
[EventDate "2024.02.29"]
[EventType "swiss"]
[EventRounds "7"]
[EventCountry "ITA"]
[SourceTitle "CB11_2024"]
[SourceDate "2024.03.13"]
[SourceVersion "1"]
[SourceVersionDate "2024.03.13"]
[SourceQuality "1"]

1. e4 g6 2. d4 Bg7 3. Nc3 d6 4. f4 Nf6 5. Nf3 0-0 6. e5 dxe5 7. dxe5 Qxd1+ 8. Nxd1 Nd5 9. c4 Nb4 10. Ne3 Bf5 11. Nxf5 gxf5 12. Kf2 e6 13. Bd2 N8c6 14. a3 Nc2 15. Rd1 Rfd8 16. Be2 Bf8 17. g3 Bc5+ 18. Kg2 a5 19. Bc1 Be3 20. Rxd8+ Rxd8 21. Bxe3 Nxe3+ 22. Kf2 Ng4+ 23. Kg2 Nd4 24. Nxd4 Rxd4 25. h3 Ne3+ 26. Kf3 Nxc4 27. Rc1 Nxb2 28. Rxc7 b6 29. Ke3 Ra4 30. Bh5 Rxa3+ 31. Kd2 Rxg3 32. Bxf7+ Kf8 33. Bxe6 Rf3 34. Bxf5 Rxf4 35. Bxh7 Nc4+ 36. Kc3 Nxe5 37. Rb7 Rc4+ 38. Kb3 Rb4+ 39. Kc3 b5 40. Bf5 Rc4+ 41. Kb3 Rc5 42. h4 Nf3 43. Bd7 Nd4+ 44. Kb2 b4 45. Ra7 Nf3 46. h5 Rxh5 47. Bg4 Rh2+ 48. Kb3 Nd4+ 49. Kc4 Nc6 50. Ra8+ Ke7 51. Kb5 Rc2 52. Bf3 b3 53. Be4 Nd4+ 54. Kxa5 Re2 55. Kb4 Rxe4 56. Kc3 Kd6 57. Kd3 Nc6 58. Ra3 Rb4 0-1

[Event "Torino op 53rd"]
[Site "Torino"]
[Date "2024.01.05"]
[Round "6"]
[White "Vairo, Rocco Enrico"]
[Black "Bergero, Simone"]
[Result "1-0"]
[WhiteElo "2060"]
[BlackElo "2008"]
[PlyCount "45"]
[EventDate "2024.01.02"]
[EventType "swiss"]
[EventRounds "9"]
[EventCountry "ITA"]
[SourceTitle "CB02_2024"]
[SourceDate "2024.01.10"]
[SourceVersion "1"]
[SourceVersionDate "2024.01.10"]
[SourceQuality "1"]

1. e4 c5 2. Nf3 Nc6 3. c3 d5 4. exd5 Qxd5 5. d4 Bg4 6. Be2 e6 7. h3 Bh5 8. c4 Qd8 9. d5 Bxf3 10. Bxf3 Nd4 11. 0-0 Nxf3+ 12. Qxf3 exd5 13. Re1+ Be7 14. Nc3 Nf6 15. Bg5 Kf8 16. cxd5 Nxd5 17. Bxe7+ Nxe7 18. Qxb7 Nf5 19. Rad1 Nd4 20. b4 Qc8 21. Qe7+ Kg8 22. bxc5 Ne6 23. Rxe6 1-0

[Event "Wch U20 59th"]
[Site "Cala Gonone"]
[Date "2022.10.21"]
[Round "10"]
[White "Vairo, Rocco Enrico"]
[Black "Djurovic, Peko"]
[Result "0-1"]
[WhiteElo "1960"]
[BlackElo "2084"]
[PlyCount "102"]
[EventDate "2022.10.12"]
[EventType "swiss"]
[EventRounds "11"]
[EventCountry "ITA"]
[SourceTitle "CBM 210 Extra"]
[Source "ChessBase"]
[SourceDate "2022.11.30"]
[SourceVersion "1"]
[SourceVersionDate "2022.11.30"]
[SourceQuality "1"]

1. e4 c5 2. c3 Nf6 3. e5 Nd5 4. d4 cxd4 5. cxd4 Nc6 6. Nf3 d6 7. Bc4 Nb6 8. Bb5 dxe5 9. Nxe5 Bd7 10. Nxd7 Qxd7 11. Nc3 a6 12. Bxc6 Qxc6 13. d5 Qd6 14. Be3 Rd8 15. Bxb6 Qxb6 16. Qa4+ Rd7 17. 0-0 g6 18. Rac1 Bh6 19. Rc2 Qd8 20. Re2 0-0 21. Rfe1 Bg7 22. Qb4 Re8 23. g3 b5 24. a3 Bxc3 25. bxc3 Rxd5 26. Rxe7 Rxe7 27. Qxe7 Qxe7 28. Rxe7 Rd1+ 29. Kg2 Ra1 30. c4 Rxa3 31. cxb5 axb5 32. Rb7 Rb3 33. Kf1 b4 34. h4 Rb1+ 35. Kg2 b3 36. g4 Kf8 37. f4 Ke8 38. Kh2 b2 39. Kg2 Kd8 40. Kh2 Kc8 41. Rb4 Kc7 42. Kg2 f5 43. gxf5 gxf5 44. Kh2 Kc6 45. h5 h6 46. Rb8 Kd5 47. Rb4 Kc5 48. Rb8 Kd4 49. Rb4+ Kc3 50. Rb8 Re1 51. Rc8+ Kd4 0-1

[Event "Wch U20 59th"]
[Site "Cala Gonone"]
[Date "2022.10.18"]
[Round "7"]
[White "Porcu, Riccardo"]
[Black "Vairo, Rocco Enrico"]
[Result "0-1"]
[WhiteElo "1759"]
[BlackElo "1960"]
[PlyCount "82"]
[EventDate "2022.10.12"]
[EventType "swiss"]
[EventRounds "11"]
[EventCountry "ITA"]
[SourceTitle "CBM 210 Extra"]
[Source "ChessBase"]
[SourceDate "2022.11.30"]
[SourceVersion "1"]
[SourceVersionDate "2022.11.30"]
[SourceQuality "1"]

1. d4 Nf6 2. Bf4 e6 3. e3 c5 4. Nf3 b6 5. Nc3 cxd4 6. exd4 Bb7 7. Nb5 d6 8. Bd3 a6 9. Nc3 Be7 10. Qe2 Nbd7 11. 0-0-0 b5 12. g4 Nb6 13. Ne4 Nxe4 14. Bxe4 Bxe4 15. Qxe4 Nd5 16. Bd2 Rc8 17. Kb1 b4 18. Qd3 Qb6 19. Ka1 Qc6 20. h4 Qc4 21. Qxc4 Rxc4 22. Kb1 Kd7 23. Be3 Rhc8 24. Rd2 a5 25. g5 a4 26. h5 Bd8 27. g6 fxg6 28. h6 gxh6 29. Rxh6 Nf6 30. Bg5 Ne4 31. Rxh7+ Kc6 32. Be3 Kd5 33. Re2 a3 34. Rg7 axb2 35. Kxb2 Nc3 36. Re1 Na4+ 37. Kb3 Ra8 38. Bd2 Nc3 39. Ra1 Ra3+ 40. Kb2 Na4+ 41. Kc1 Rxf3 0-1